[Event "Bhubaneswar Pillai Memorial"]
[Site "Bhubaneswar"]
[Date "2016.11.24"]
[Round "9"]
[White "Birendra, Raita"]
[Black "Rabindra, Kumar Ojha"]
[Result "1/2-1/2"]
[WhiteElo "1385"]
[BlackElo "1889"]
[PlyCount "114"]
[EventDate "2016.11.20"]
[EventType "swiss"]
[EventRounds "11"]
[EventCountry "IND"]
[SourceTitle "CBM 175 Extra"]
[Source "ChessBase"]
[SourceDate "2016.12.12"]
[SourceVersion "1"]
[SourceVersionDate "2016.12.12"]
[SourceQuality "1"]

1. d4 e5 2. Nf3 e4 3. Nfd2 d5 4. e3 Nf6 5. c4 c6 6. Nc3 a6 7. Be2 b5 8. cxb5 cxb5 9. a3 Nbd7 10. 0-0 Bd6 11. f3 exf3 12. Nxf3 0-0 13. Qd3 h6 14. e4 dxe4 15. Nxe4 Be7 16. Bd1 Bb7 17. Nxf6+ Nxf6 18. Bc2 Be4 19. Qd2 Bxc2 20. Qxc2 Rc8 21. Qd3 Qd5 22. Be3 Rfd8 23. Rac1 Ne4 24. Nd2 Nc5 25. Qe2 Ne6 26. Qf3 Qxf3 27. Nxf3 Bf6 28. Rxc8 Rxc8 29. d5 Nf8 30. Bd4 Nd7 31. Bxf6 Nxf6 32. Rd1 Rd8 33. d6 Ne4 34. d7 f6 35. Rd5 f5 36. Ne5 Nf6 37. Rd6 a5 38. Rc6 Nxd7 39. Rd6 Rc8 40. Rxd7 Rc1+ 41. Kf2 Rc2+ 42. Kg3 Rxb2 43. Rb7 g5 44. h3 h5 45. Nf7 f4+ 46. Kf3 g4+ 47. Kxf4 Rf2+ 48. Kg5 Rxf7 49. Rxb5 gxh3 50. gxh3 Rf3 51. Rxa5 Rxh3 52. a4 h4 53. Kg4 Rh1 54. Rf5 h3 55. a5 h2 56. Kg3 Ra1 57. Kxh2 Ra3 1/2-1/2